LEADER 01015nam a2200253 i 4500 001 000000218409 003 CaOOAMICUS 005 20130201000000.0 008 130201s2012 it u000 u ita u 013 $a197306 020 $a978-88-88534-28-2 040 $aSeMil$bita 100 1 $aLy, Claire.$0(OLS)http://semarc/name/76860 240 13$aLa mangrove. A la croisée des cultures et des religions.$0(OLS)http://semarc/title/313612 245 13$aLa mangrovia :$buna donna, due anime /$cClaire Ly. 260 $aMilano :$bPIMEdit,$c2012. 300 $a159 p. ;$c21 cm. 650 4$aLy, Claire.$0(OLS)http://semarc/subject/40427 850 $aSeMil 852 $aSeMil$W1$xVenegono$y1$m3J III 383$j168819$B168819$CSeMilBibl$Z2$F180574 $81 961 $aOmaggio: Delpini mons. Mario 996 $6020$a978-88-88534-28-2$9(OLS)http://semarc/number/216103 996 $6245$aLa mangrovia :$buna donna, due anime$9(OLS)http://semarc/title/313611 996 $6260$aMilano :$bPIMEdit$9(OLS)http://semarc/publisher/32848 LEADER 01055nam a2200265 i 4500 001 000000034388 003 CaOOAMICUS 005 20050929000000.0 008 050929s1987 it u000 u ita u 013 $a763 020 $a88-372-1321-2 040 $aSeMil$bita 100 1 $aFiloramo, Giovanni,$d<1945- >.$0(OLS)http://semarc/name/1371 245 13$aLe scienze delle religioni /$cGiovanni Filoramo, Carlo Prandi. 260 $aBrescia :$bMorcelliana,$c1987. 300 $a238 p. ;$c23 cm. 490 0 $aGuide di cultura 650 4$aScienza delle religioni.$0(OLS)http://semarc/subject/5839 700 1 $aPrandi, Carlo,$d<1931- >.$0(OLS)http://semarc/name/2616 830 0$aGuide di cultura.$0(OLS)http://semarc/title/6322 850 $aSeMil 852 $aSeMil$W1$xVenegono$y1$m2R III 368$j543$B543$CSeMilBibl$Z2$F543 $81 996 $6020$a88-372-1321-2$9(OLS)http://semarc/number/2123 996 $6245$aLe scienze delle religioni$9(OLS)http://semarc/title/46499 996 $6260$aBrescia :$bMorcelliana$9(OLS)http://semarc/publisher/29629